[Event "Guernsey op 46th"]
[Site "St James"]
[Date "2022.10.22"]
[Round "7"]
[White "Murray, J Stephen"]
[Black "Dijksterhuis, Rolf"]
[Result "1/2-1/2"]
[WhiteElo "1671"]
[BlackElo "1911"]
[PlyCount "59"]
[EventDate "2022.10.16"]
[EventType "swiss"]
[EventRounds "7"]
[EventCountry "GCI"]
[SourceTitle "EXT 2024"]
[Source "ChessBase"]
[SourceDate "2023.10.10"]
[SourceVersion "1"]
[SourceVersionDate "2023.10.10"]
[SourceQuality "1"]

1. e4 c5 2. Be2 Nc6 3. f4 d6 4. Nf3 g6 5. 0-0 Bg7 6. c3 Nf6 7. d3 0-0 8. Kh1 Qc7 9. Be3 b5 10. a3 a5 11. Nbd2 Bb7 12. Qe1 b4 13. Qh4 Nd7 14. Rac1 e6 15. f5 exf5 16. Bh6 bxc3 17. bxc3 fxe4 18. Nxe4 f6 19. Bxg7 Kxg7 20. Qg3 Nce5 21. Nxe5 Nxe5 22. Rf4 Bxe4 23. Rxe4 Ra7 24. h4 Kh8 25. Qe3 d5 26. Rf4 Qd6 27. d4 cxd4 28. Rxd4 Re7 29. Qd2 Qxa3 30. Rxd5 1/2-1/2

[Event "Barcelona Sant Marti op-B 22nd"]
[Site "Barcelona"]
[Date "2022.07.14"]
[Round "2"]
[White "Plantada Siurans, Estanislau"]
[Black "Murray, J Stephen"]
[Result "1/2-1/2"]
[WhiteElo "1559"]
[BlackElo "1723"]
[PlyCount "35"]
[EventDate "2022.07.13"]
[EventType "swiss"]
[EventRounds "9"]
[EventCountry "ESP"]
[SourceTitle "CBM 210 Extra"]
[Source "ChessBase"]
[SourceDate "2022.11.30"]
[SourceVersion "1"]
[SourceVersionDate "2022.11.30"]
[SourceQuality "1"]

1. e4 c5 2. Nf3 d6 3. d4 cxd4 4. Nxd4 Nf6 5. Nc3 a6 6. Be2 e5 7. Nb3 Be7 8. 0-0 Be6 9. f4 exf4 10. Bxf4 0-0 11. Bf3 Qb6+ 12. Qd4 Nbd7 13. Qxb6 Nxb6 14. e5 dxe5 15. Bxe5 Nc4 16. Bg3 a5 17. Bxb7 Ra7 18. Bc6 1/2-1/2

[Event "Guernsey op 45th"]
[Site "Vale"]
[Date "2019.10.22"]
[Round "3"]
[White "Murray, J Stephen"]
[Black "Magnussen, Pal"]
[Result "0-1"]
[WhiteElo "1736"]
[BlackElo "1983"]
[PlyCount "112"]
[EventDate "2019.10.20"]
[EventType "swiss"]
[EventRounds "7"]
[EventCountry "GCI"]
[SourceTitle "EXT 2021"]
[Source "ChessBase"]
[SourceDate "2020.10.23"]
[SourceVersion "1"]
[SourceVersionDate "2020.10.23"]
[SourceQuality "1"]

1. e4 e5 2. Nf3 Nc6 3. Bc4 Bc5 4. c3 Nf6 5. d3 d6 6. 0-0 0-0 7. h3 a6 8. a4 Be6 9. Nbd2 Ba7 10. Re1 Nd7 11. Ba2 Nc5 12. Nf1 b5 13. axb5 axb5 14. Be3 Qe7 15. Bxe6 Nxe6 16. Bxa7 Rxa7 17. Rxa7 Nxa7 18. d4 Nf4 19. Ng3 g6 20. Ne2 Ne6 21. dxe5 dxe5 22. Qd5 f6 23. Ra1 Rd8 24. Qb3 Ra8 25. Ra6 Kf7 26. Qa2 c5 27. Ng3 c4 28. b4 Qb7 29. Nf1 Nc7 30. Ra3 Nc8 31. Rxa8 Nxa8 32. N3d2 Nd6 33. f3 Qb6+ 34. Kh2 Nc7 35. Nb1 Ne6 36. g3 f5 37. exf5 gxf5 38. Qe2 Kf6 39. Ne3 Qb7 40. Nd2 h5 41. Ng2 Qd5 42. Ne1 Kg6 43. Nf1 h4 44. gxh4 Nf4 45. Qe3 Nf7 46. Ng3 Qd1 47. Ng2 Qc2 48. Qb6+ Kh7 49. Qg1 Nh8 50. h5 Nf7 51. h4 Nd6 52. Kh1 Nxg2 53. Qxg2 Qxc3 54. Nxf5 Qc1+ 55. Kh2 Qf4+ 56. Ng3 Nf5 0-1

[Event "Gibraltar Amateur op-B"]
[Site "Caleta"]
[Date "2019.01.30"]
[Round "5"]
[White "Apps, Ian"]
[Black "Murray, J Stephen"]
[Result "0-1"]
[WhiteElo "1312"]
[BlackElo "1770"]
[PlyCount "76"]
[EventDate "2019.01.26"]
[EventType "swiss"]
[EventRounds "5"]
[EventCountry "GGB"]
[SourceTitle "EXT 2021"]
[Source "ChessBase"]
[SourceDate "2020.10.23"]
[SourceVersion "1"]
[SourceVersionDate "2020.10.23"]
[SourceQuality "1"]

1. d4 Nf6 2. Bf4 e6 3. c3 c5 4. e3 b6 5. Na3 Bb7 6. Nb5 d6 7. Bd3 Be7 8. Nf3 a6 9. Na3 0-0 10. Qc2 Nbd7 11. 0-0-0 Re8 12. h4 b5 13. Qe2 Be4 14. Rdg1 d5 15. g4 cxd4 16. g5 Bxd3 17. Qxd3 Nh5 18. Nxd4 Bxa3 19. Ne2 Bf8 20. Ng3 Nxg3 21. Rxg3 e5 22. g6 fxg6 23. Bg5 Nf6 24. h5 Qd6 25. hxg6 e4 26. Qe2 hxg6 27. Rhg1 Nh5 28. Rg4 Ra7 29. Bh4 Re6 30. Rg5 Rf7 31. Bg3 Qc6 32. Be5 Qe8 33. Bd4 Rf3 34. Qf1 Qf7 35. R1g2 Be7 36. Re5 Rxe5 37. Bxe5 Bf6 38. Bd6 Bh4 0-1

[Event "Gibraltar Amateur op-B"]
[Site "Caleta"]
[Date "2019.01.29"]
[Round "4"]
[White "Murray, J Stephen"]
[Black "Ralivololona, Hanitriniaina Andri"]
[Result "1-0"]
[WhiteElo "1770"]
[BlackElo "1399"]
[PlyCount "63"]
[EventDate "2019.01.26"]
[EventType "swiss"]
[EventRounds "5"]
[EventCountry "GGB"]
[SourceTitle "EXT 2021"]
[Source "ChessBase"]
[SourceDate "2020.10.23"]
[SourceVersion "1"]
[SourceVersionDate "2020.10.23"]
[SourceQuality "1"]

1. e4 e5 2. Nf3 Nc6 3. Bc4 Nf6 4. d3 Be7 5. c3 0-0 6. 0-0 d5 7. exd5 Nxd5 8. Re1 Bf6 9. Nbd2 Bf5 10. Ne4 Bxe4 11. dxe4 Nf4 12. Qc2 Na5 13. Bf1 a6 14. Be3 b5 15. Rad1 Qe7 16. b4 Nc4 17. Bxc4 bxc4 18. Bc5 Qe6 19. Bxf8 Kxf8 20. Rd2 g6 21. Red1 Qg4 22. Ne1 h5 23. f3 Qg5 24. Rd7 Nd3 25. Nxd3 Qe3+ 26. Kf1 cxd3 27. R1xd3 Qf4 28. g3 Qg5 29. Qd2 Ke8 30. Qxg5 Bxg5 31. Rxc7 Rd8 32. Ke2 1-0

[Event "Gibraltar Amateur op-B"]
[Site "Caleta"]
[Date "2019.01.27"]
[Round "2"]
[White "Murray, J Stephen"]
[Black "Jimenez Urquijo, Juan Manuel"]
[Result "1/2-1/2"]
[WhiteElo "1770"]
[BlackElo "1570"]
[PlyCount "47"]
[EventDate "2019.01.26"]
[EventType "swiss"]
[EventRounds "5"]
[EventCountry "GGB"]
[SourceTitle "EXT 2021"]
[Source "ChessBase"]
[SourceDate "2020.10.23"]
[SourceVersion "1"]
[SourceVersionDate "2020.10.23"]
[SourceQuality "1"]

1. e4 c5 2. Be2 e6 3. f4 Nc6 4. Nf3 d5 5. d3 dxe4 6. dxe4 Qxd1+ 7. Bxd1 b6 8. 0-0 Ba6 9. Re1 Rd8 10. e5 Nge7 11. Nc3 Nf5 12. g4 Nfd4 13. Be3 Bb7 14. Bf2 Nb4 15. Nxd4 cxd4 16. Ne4 Nd5 17. f5 Ne3 18. Nd6+ Bxd6 19. exd6 Nxd1 20. Raxd1 Rxd6 21. fxe6 Ke7 22. Rxd4 Rxd4 23. Bxd4 fxe6 24. h3 1/2-1/2

[Event "Gibraltar Amateur op-B"]
[Site "Caleta"]
[Date "2018.01.27"]
[Round "1"]
[White "Raffo, Luis"]
[Black "Murray, J Stephen"]
[Result "0-1"]
[WhiteElo "1395"]
[BlackElo "1771"]
[PlyCount "83"]
[EventDate "2018.01.27"]
[EventType "swiss"]
[EventRounds "5"]
[EventCountry "GGB"]
[SourceTitle "EXT 2019"]
[Source "ChessBase"]
[SourceDate "2018.10.10"]
[SourceVersion "1"]
[SourceVersionDate "2018.10.10"]
[SourceQuality "1"]

1. d4 Nf6 2. c4 e6 3. a3 d5 4. e3 Be7 5. Nf3 0-0 6. b4 b6 7. Qc2 c5 8. b5 Bb7 9. Nbd2 Nbd7 10. Bb2 Ne4 11. Bd3 f5 12. 0-0 Qc7 13. g3 Rae8 14. a4 Bf6 15. Kg2 e5 16. Nb3 Kh8 17. a5 dxc4 18. Bxc4 Ng5 19. Be2 Nxf3 20. Bxf3 Bxf3+ 21. Kxf3 Qb7+ 22. Ke2 exd4 23. a6 Qd5 24. Rad1 Qe6 25. Nc1 dxe3 26. f3 Ne5 27. Nd3 Nc4 28. Bxf6 Rxf6 29. Nf4 Qf7 30. Rd3 Nd2 31. Ra1 g5 32. Nd5 Rh6 33. Qc3+ Kg8 34. Rh1 Rd6 35. Nxe3 Rxd3 36. Qxd3 Nc4 37. Kf2 Rxe3 38. Qd8+ Re8 39. Qxg5+ Kh8 40. Qc1 Ne5 41. Qc3 Qa2+ 42. Kg1 0-1

[Event "Gibraltar Amateur op-A"]
[Site "Caleta"]
[Date "2018.01.26"]
[Round "5"]
[White "Murray, J Stephen"]
[Black "Hilton, Tim"]
[Result "0-1"]
[WhiteElo "1771"]
[BlackElo "1868"]
[PlyCount "68"]
[EventDate "2018.01.22"]
[EventType "swiss"]
[EventRounds "5"]
[EventCountry "GGB"]
[SourceTitle "EXT 2019"]
[Source "ChessBase"]
[SourceDate "2018.10.10"]
[SourceVersion "1"]
[SourceVersionDate "2018.10.10"]
[SourceQuality "1"]

1. e4 e6 2. d4 d5 3. Nd2 Nc6 4. c3 Nf6 5. e5 Nd7 6. Ngf3 f6 7. exf6 Qxf6 8. Bb5 Bd6 9. Qe2 0-0 10. 0-0 e5 11. Bxc6 bxc6 12. dxe5 Nxe5 13. Nxe5 Bxe5 14. Nf3 Bd6 15. Bg5 Qg6 16. Bh4 Bg4 17. Bg3 Rae8 18. Qd2 Bxf3 19. gxf3 Rxf3 20. Rae1 Rff8 21. Re2 h5 22. Kh1 Bxg3 23. hxg3 h4 24. Rxe8 Rxe8 25. gxh4 Qe4+ 26. f3 Qxh4+ 27. Kg2 Re6 28. Rf2 Rg6+ 29. Kf1 Qh1+ 30. Ke2 Re6+ 31. Kd3 Qh7+ 32. Kd4 Re4+ 33. fxe4 Qxe4+ 34. Kc5 Qc4# 0-1

[Event "Guernsey op 43rd"]
[Site "Vale"]
[Date "2017.10.17"]
[Round "3"]
[White "Murray, J Stephen"]
[Black "Campbell, Ian"]
[Result "0-1"]
[WhiteElo "1763"]
[BlackElo "1990"]
[PlyCount "120"]
[EventDate "2017.10.15"]
[EventType "swiss"]
[EventRounds "7"]
[EventCountry "GCI"]
[SourceTitle "CBM 181 Extra"]
[Source "ChessBase"]
[SourceDate "2017.12.12"]
[SourceVersion "1"]
[SourceVersionDate "2017.12.12"]
[SourceQuality "1"]

1. e4 g6 2. d4 d6 3. Nf3 Bg7 4. Nc3 a6 5. Be3 Nd7 6. Qd2 b5 7. Bd3 Bb7 8. 0-0 h6 9. Ne2 Ngf6 10. Ng3 Ng4 11. c3 Nxe3 12. Qxe3 e6 13. Rfe1 0-0 14. Rad1 Qe7 15. Bb1 Nb6 16. Qe2 Rfe8 17. Nf1 c5 18. Ne3 Rac8 19. h3 cxd4 20. Nxd4 Qc7 21. Nf3 Rcd8 22. Qc2 d5 23. exd5 Nxd5 24. Nxd5 Bxd5 25. Qe2 Qb6 26. a3 Bb7 27. Bc2 Rxd1 28. Rxd1 Rd8 29. Rxd8+ Qxd8 30. Be4 Bc8 31. Qd3 Qxd3 32. Bxd3 Bb7 33. Kf1 Kf8 34. Ke2 Ke7 35. g3 Kd6 36. h4 e5 37. Nd2 f5 38. Bc2 Bc6 39. Bb3 g5 40. hxg5 hxg5 41. Ba2 Bf6 42. Bb1 Bd7 43. Ba2 g4 44. Bb3 Bg5 45. Ba2 a5 46. Bb1 Be6 47. Bc2 a4 48. Bb1 Kc6 49. Bc2 Be7 50. Nf1 f4 51. gxf4 exf4 52. Nd2 Bg5 53. Bd3 f3+ 54. Kd1 Bf4 55. Be4+ Bd5 56. Bf5 g3 57. fxg3 Bxg3 58. Bg4 f2 59. Nf1 Bf4 60. Be2 Bb3# 0-1

[Event "Gibraltar Masters 15th"]
[Site "Caleta"]
[Date "2017.02.02"]
[Round "10"]
[White "Murray, J Stephen"]
[Black "Odeh, Kenneth"]
[Result "1/2-1/2"]
[WhiteElo "1789"]
[BlackElo "1969"]
[PlyCount "95"]
[EventDate "2017.01.24"]
[EventType "swiss"]
[EventRounds "10"]
[EventCountry "GGB"]
[SourceTitle "EXT 2018"]
[Source "ChessBase"]
[SourceDate "2017.10.13"]
[SourceVersion "1"]
[SourceVersionDate "2017.10.13"]
[SourceQuality "1"]

1. e4 c6 2. d4 d5 3. exd5 cxd5 4. Bf4 Nc6 5. c3 Nf6 6. Bd3 g6 7. Nf3 Bg4 8. Nbd2 Bg7 9. 0-0 0-0 10. h3 Bc8 11. Ne5 Nd7 12. Ndf3 Ndxe5 13. Nxe5 Nxe5 14. Bxe5 f6 15. Bg3 e5 16. dxe5 fxe5 17. Qb3 Kh8 18. Rad1 d4 19. cxd4 exd4 20. Rc1 Qf6 21. Rc7 Be6 22. Qxb7 Rab8 23. Qxa7 Rxb2 24. a4 Rf7 25. Rxf7 Qxf7 26. Qxf7 Bxf7 27. a5 Rd2 28. Bb5 Bd5 29. Bf4 Rb2 30. Bd3 Ra2 31. a6 h6 32. Rd1 g5 33. Bd6 Kg8 34. Bc5 Ra4 35. Rb1 Kf7 36. Kf1 Bf6 37. Re1 Ra5 38. Bb6 Ra3 39. Rd1 Rxd3 40. Rxd3 Bc4 41. Ke2 Bxa6 42. Kd2 Bxd3 43. Kxd3 Kg6 44. Bxd4 Be7 45. Ke4 h5 46. g3 g4 47. hxg4 hxg4 48. Kf4 1/2-1/2

[Event "Gibraltar Masters 15th"]
[Site "Caleta"]
[Date "2017.01.28"]
[Round "5"]
[White "Neumanova, Monika"]
[Black "Murray, J Stephen"]
[Result "1/2-1/2"]
[WhiteElo "1707"]
[BlackElo "1789"]
[PlyCount "61"]
[EventDate "2017.01.24"]
[EventType "swiss"]
[EventRounds "10"]
[EventCountry "GGB"]
[SourceTitle "CBM 177"]
[Source "ChessBase"]
[SourceDate "2017.03.16"]
[SourceVersion "1"]
[SourceVersionDate "2017.03.16"]
[SourceQuality "1"]

1. d4 Nf6 2. c4 e6 3. Nc3 d5 4. Bg5 Be7 5. Nf3 h6 6. Bh4 0-0 7. e3 b6 8. cxd5 exd5 9. Be2 Be6 10. Rc1 Nbd7 11. a3 c5 12. dxc5 Bxc5 13. b4 Be7 14. Nd4 Ne5 15. Ncb5 Nc4 16. Bxc4 dxc4 17. Nxe6 fxe6 18. Qxd8 Rfxd8 19. Rxc4 Rac8 20. Rxc8 Rxc8 21. 0-0 a6 22. Nd4 Kf7 23. Bg3 Rc3 24. Ra1 Ne4 25. Be5 Bf6 26. Bxf6 Kxf6 27. h3 Nd2 28. Ne2 Rb3 29. Nc1 Rc3 30. Ne2 Rb3 31. Nc1 1/2-1/2

[Event "Gibraltar Amateur op-A"]
[Site "Caleta"]
[Date "2017.01.27"]
[Round "5"]
[White "Murray, J Stephen"]
[Black "Kuenitz, Klaus"]
[Result "0-1"]
[WhiteElo "1789"]
[BlackElo "1690"]
[PlyCount "112"]
[EventDate "2017.01.23"]
[EventType "swiss"]
[EventRounds "5"]
[EventCountry "GGB"]
[SourceTitle "CBM 176 Extra"]
[Source "ChessBase"]
[SourceDate "2017.03.02"]
[SourceVersion "1"]
[SourceVersionDate "2017.03.02"]
[SourceQuality "1"]

1. e4 e6 2. d4 d5 3. Nd2 dxe4 4. Nxe4 Nd7 5. Nf3 Ngf6 6. Nxf6+ Nxf6 7. Bd3 c5 8. dxc5 Bxc5 9. Qe2 0-0 10. 0-0 b6 11. Bg5 Bb7 12. Rad1 Qc7 13. h3 Rfe8 14. Bxf6 gxf6 15. Nh4 Qf4 16. Qg4+ Qg5 17. Nf3 Qxg4 18. hxg4 Rad8 19. Bb5 Rxd1 20. Rxd1 Re7 21. Kf1 a6 22. Rd8+ Kg7 23. Bd3 h6 24. Ne1 Rc7 25. f3 Be7 26. Rb8 Rd7 27. Ke2 Bd6 28. Re8 Be5 29. c3 b5 30. Nc2 Rc7 31. Rd8 Bc8 32. Ke3 f5 33. gxf5 exf5 34. f4 Bf6 35. Rd5 Bb7 36. Rxf5 Bxg2 37. Nb4 Bb7 38. Nd5 Rc6 39. Nxf6 Rxf6 40. Rh5 Re6+ 41. Kf2 Rd6 42. Ke3 Bf3 43. Rh2 Bg4 44. b3 h5 45. c4 bxc4 46. bxc4 a5 47. c5 Rd5 48. Rc2 Rxd3+ 49. Kxd3 Bf5+ 50. Kd2 Bxc2 51. Kxc2 Kf6 52. Kd2 Ke6 53. Ke3 Kd5 54. Kf3 Kxc5 55. f5 Kd5 56. Kf4 f6 0-1

[Event "Guernsey op 41st"]
[Site "Vale"]
[Date "2015.10.22"]
[Round "5"]
[White "Maloberti, David"]
[Black "Murray, J Stephen"]
[Result "1-0"]
[WhiteElo "1975"]
[BlackElo "1814"]
[PlyCount "99"]
[EventDate "2015.10.18"]
[EventType "swiss"]
[EventRounds "7"]
[EventCountry "GCI"]
[SourceTitle "EXT 2017"]
[Source "ChessBase"]
[SourceDate "2016.10.25"]
[SourceVersion "1"]
[SourceVersionDate "2016.10.25"]
[SourceQuality "1"]

1. d4 Nf6 2. c4 e6 3. Nc3 d5 4. Bg5 Be7 5. e3 0-0 6. cxd5 Nxd5 7. Bxe7 Qxe7 8. Nf3 Nd7 9. Bd3 Nxc3 10. bxc3 e5 11. Qc2 h6 12. 0-0 exd4 13. cxd4 Nf6 14. Rfc1 c6 15. Bc4 Be6 16. Bxe6 Qxe6 17. Rab1 Rab8 18. Ne5 Rfe8 19. Qb3 Nd5 20. h3 f6 21. Nd3 Nb6 22. Qxe6+ Rxe6 23. Nc5 Re7 24. a4 Nd5 25. a5 Kf8 26. Rb3 Ke8 27. Rcb1 b6 28. g3 f5 29. Nd3 Rc8 30. Rc1 Rec7 31. axb6 axb6 32. Kg2 Ke7 33. g4 g6 34. Ne5 Kf6 35. Nc4 b5 36. Ne5 b4 37. f3 Nc3 38. Nd3 Ra8 39. Nxb4 Ne2 40. Rc2 Nxd4 41. exd4 Rd7 42. Nxc6 fxg4 43. fxg4 h5 44. Kg3 hxg4 45. Kxg4 Ra4 46. Re3 Rd5 47. Rf2+ Kg7 48. Re7+ Kh6 49. Rff7 Rg5+ 50. Kf4 1-0

[Event "Guernsey op 41st"]
[Site "Vale"]
[Date "2015.10.20"]
[Round "3"]
[White "Havenaar, Jan"]
[Black "Murray, J Stephen"]
[Result "1-0"]
[WhiteElo "2016"]
[BlackElo "1814"]
[PlyCount "49"]
[EventDate "2015.10.18"]
[EventType "swiss"]
[EventRounds "7"]
[EventCountry "GCI"]
[SourceTitle "EXT 2017"]
[Source "ChessBase"]
[SourceDate "2016.10.25"]
[SourceVersion "1"]
[SourceVersionDate "2016.10.25"]
[SourceQuality "1"]

1. Nc3 c5 2. f4 d6 3. Nf3 g6 4. e4 Nc6 5. Bc4 Bg7 6. 0-0 e6 7. d3 Nge7 8. f5 exf5 9. Qe1 Ne5 10. Nxe5 Bxe5 11. Qh4 Nc6 12. Bg5 f6 13. Bh6 Bxc3 14. bxc3 Qe7 15. exf5 g5 16. Qh5+ Kd8 17. Rae1 Ne5 18. d4 cxd4 19. cxd4 Bxf5 20. dxe5 dxe5 21. Qe2 Be6 22. Bxe6 Qxe6 23. Bg7 Qb6+ 24. Kh1 Re8 25. Bxf6+ 1-0

[Event "Guernsey op 40th"]
[Site "Vale"]
[Date "2014.10.24"]
[Round "6"]
[White "Ippel, Cornelius J"]
[Black "Murray, J Stephen"]
[Result "0-1"]
[WhiteElo "1891"]
[BlackElo "1847"]
[PlyCount "109"]
[EventDate "2014.10.19"]
[EventType "swiss"]
[EventRounds "7"]
[EventCountry "GCI"]
[SourceTitle "EXT 2016"]
[Source "ChessBase"]
[SourceDate "2015.10.08"]
[SourceVersion "1"]
[SourceVersionDate "2015.10.08"]
[SourceQuality "1"]

1. Nc3 Nf6 2. Nf3 c5 3. d4 cxd4 4. Nxd4 a6 5. e4 d6 6. Bc4 e6 7. a4 Nxe4 8. Nxe4 d5 9. Nf3 dxc4 10. Qxd8+ Kxd8 11. Neg5 Ke8 12. Be3 f6 13. Ne4 Nc6 14. 0-0 Be7 15. Rfd1 e5 16. Nd6+ Bxd6 17. Rxd6 Bf5 18. Ne1 Rd8 19. Rad1 Kf7 20. c3 Rxd6 21. Rxd6 Rd8 22. Bc5 Rxd6 23. Bxd6 Ke6 24. Bc7 Bd3 25. f3 f5 26. a5 e4 27. Kf2 Kd5 28. Bb6 Ne5 29. fxe4+ Bxe4 30. h3 g6 31. Ke3 Nd7 32. Bd8 Nc5 33. Bb6 Na4 34. Bd8 Nxb2 35. g3 Na4 36. Bf6 Nc5 37. Be5 Ne6 38. Bf6 Kc6 39. Bd4 Kb5 40. Bb6 Nc5 41. Kd4 Nb3+ 42. Ke5 Nxa5 43. Be3 Kc6 44. Kf6 Kd7 45. Bf4 Nc6 46. Kg7 Ke6 47. h4 b5 48. Kxh7 Kf7 49. Kh6 a5 50. Kg5 b4 51. cxb4 axb4 52. g4 b3 53. gxf5 b2 54. fxg6+ Bxg6 55. h5 0-1

[Event "Guernsey op 40th"]
[Site "Vale"]
[Date "2014.10.21"]
[Round "3"]
[White "Downey, Keith"]
[Black "Murray, J Stephen"]
[Result "1-0"]
[WhiteElo "1968"]
[BlackElo "1847"]
[PlyCount "67"]
[EventDate "2014.10.19"]
[EventType "swiss"]
[EventRounds "7"]
[EventCountry "GCI"]
[SourceTitle "EXT 2016"]
[Source "ChessBase"]
[SourceDate "2015.10.08"]
[SourceVersion "1"]
[SourceVersionDate "2015.10.08"]
[SourceQuality "1"]

1. Nf3 Nf6 2. c4 e6 3. g3 d5 4. d4 Be7 5. Bg2 0-0 6. 0-0 Nbd7 7. Qc2 c6 8. Nbd2 Re8 9. b3 b6 10. Bb2 Bb7 11. Rfd1 Rc8 12. Rac1 c5 13. Qb1 cxd4 14. Nxd4 Bc5 15. cxd5 Bxd5 16. Bxd5 Nxd5 17. Ne4 Qe7 18. Nxc5 Nxc5 19. Nf3 Nd7 20. a3 Red8 21. b4 h6 22. Qa1 Qf8 23. Nd4 Rxc1 24. Rxc1 N7f6 25. Nc6 Ra8 26. Qb1 a6 27. e4 Ne7 28. Bxf6 gxf6 29. Qd3 b5 30. Qf3 Kg7 31. Nxe7 Qxe7 32. e5 Ra7 33. Qg4+ Kh7 34. Rc8 1-0

[Event "Guernsey op"]
[Site "Guernsey"]
[Date "2013.10.20"]
[Round "1"]
[White "Kraft, Karl Heinz"]
[Black "Murray, J Stephen"]
[Result "1/2-1/2"]
[WhiteElo "2023"]
[BlackElo "1844"]
[PlyCount "63"]
[EventDate "2013.10.20"]
[EventType "swiss"]
[EventRounds "7"]
[EventCountry "GCI"]
[SourceTitle "CBM 157 Extra"]
[Source "ChessBase"]
[SourceDate "2013.12.19"]
[SourceVersion "1"]
[SourceVersionDate "2013.12.19"]
[SourceQuality "1"]

1. e4 c5 2. c3 e6 3. Nf3 Nc6 4. d4 cxd4 5. cxd4 d5 6. exd5 exd5 7. Bb5 Bb4+ 8. Nc3 Nf6 9. Qe2+ Be6 10. 0-0 0-0 11. Bg5 Rc8 12. h3 Re8 13. Bxc6 Rxc6 14. Ne5 Rc8 15. Rac1 Bxc3 16. Rxc3 Rxc3 17. bxc3 h6 18. Bxf6 Qxf6 19. Qb5 Qe7 20. Re1 Rc8 21. Re3 Rc7 22. c4 dxc4 23. d5 Bd7 24. Qa5 Qd6 25. Qxa7 Qxd5 26. Qa3 Be6 27. Qc3 Rc5 28. f4 b5 29. Rg3 f6 30. Ng6 Kf7 31. Nh8+ Kf8 32. Ng6+ 1/2-1/2